000 00515nam a2200193Ia 4500
001 21912
003 GE_BSU
008 181216s||||||||xx |||||||||||||| ||und||
040 _cGE_BSU
080 _aპერიოდიკა
245 _aParis Match, du 26 Oct. au 1 nov. №3571. 2017
260 _aParis
260 _c2017
300 _a130 p. 30 cm.
653 _aParis Match, du 26 Oct. au 1 nov. №3571. 2017
653 _aПериодика
653 _aპერიოდიკა
942 _cCR
999 _c54843
_d54843